000
00343 a2200157 4500
001
187591
020
_a
85-10-00800-0
040
_c
Magnum
100
_a
Casasanta, Therezinha
240
1
0
_a
O canguruzinho fujão
_l
por
245
1
0
_a
O canguruzinho fujão
300
_a
20
362
0
_a
1996
697
_a
LITERATURA INFANTIL
942
_c
BK
999
_c
187591
_d
187591